Sites of special scientific interest (Record no. 112266)
[ view plain ]
| 000 -LEADER | |
|---|---|
| fixed length control field | 00888cad a22002055a 4500 |
| 001 - CONTROL NUMBER | |
| control field | E152920 |
| 008 - FIXED-LENGTH DATA ELEMENTS--GENERAL INFORMATION | |
| fixed length control field | 110516s2011 xxk f 000 0 eng d |
| 020 ## - INTERNATIONAL STANDARD BOOK NUMBER | |
| International Standard Book Number | 9781853977107 |
| 035 ## - SYSTEM CONTROL NUMBER | |
| System control number | (Sirsi) u152920 |
| 041 0# - LANGUAGE CODE | |
| Language code of text/sound track or separate title | eng |
| 110 2# - MAIN ENTRY--CORPORATE NAME | |
| Corporate name or jurisdiction name as entry element | Scottish Natural Heritage |
| 9 (RLIN) | 2794 |
| 245 00 - TITLE STATEMENT | |
| Title | Sites of special scientific interest |
| Medium | [electronic resource] |
| 260 ## - PUBLICATION, DISTRIBUTION, ETC. | |
| Place of publication, distribution, etc. | Redgorton |
| Name of publisher, distributor, etc. | SNH |
| Date of publication, distribution, etc. | 2011 |
| 520 ## - SUMMARY, ETC. | |
| Summary, etc. | Aimed at the owners and occupiers of areas of land that have been designated as Sites of Special Scientific Interest (SSSIs), this publication dicusses the role of Scottish Natural Heritage in designanting and managing SSSIs. |
| 590 ## - LOCAL NOTE (RLIN) | |
| Local note | KA |
| 651 #4 - SUBJECT ADDED ENTRY--GEOGRAPHIC NAME | |
| Geographic name | Scotland |
| Chronological subdivision | 1999- |
| 690 ## - LOCAL SUBJECT ADDED ENTRY--TOPICAL TERM (OCLC, RLIN) | |
| Topical term or geographic name as entry element | ENVIRONMENTAL AND LAND CONSULTANCY-LAND MANAGEMENT |
| 856 40 - ELECTRONIC LOCATION AND ACCESS | |
| Uniform Resource Identifier | <a href="https://www.snh.org.uk/pdfs/publications/designatedareas/sssi.pdf">https://www.snh.org.uk/pdfs/publications/designatedareas/sssi.pdf</a> |
| Public note | View the publication free of charge at www.snh.org.uk |
| 942 ## - ADDED ENTRY ELEMENTS (KOHA) | |
| Suppress in OPAC | 0 |
| Withdrawn status | Lost status | Source of classification or shelving scheme | Damaged status | Not for loan | Home library | Current library | Shelving location | Date acquired | Total Checkouts | Full call number | Barcode | Date last seen | Copy number | Price effective from | Koha item type |
|---|---|---|---|---|---|---|---|---|---|---|---|---|---|---|---|
| Dewey Decimal Classification | Virtual | Virtual | Online | 16/05/2011 | ONLINE PUBLICATION | 152920-2001 | 06/08/2019 | 1 | 06/08/2019 | Book |